000 00952cam a2200241 a 4500
005 20160204184650.0
008 070927s1995 wauabd r 000 0 eng d
020 _a0821332953
040 _aCO-BoPUJ
_cCO-BoIAVH
_dCO-BoIAVH
041 0 _aeng
044 _axxu
082 0 4 _a333.9516
_bC65a
245 0 2 _aA conservation assessment of the terrestrial ecoregions of Latin America and the Caribbean /
_cEric Dinerstein...[et al.]
250 _aPrimera edición.
260 _aWashington :
_bWorld Bank,
_c1995.
300 _axvii, 140 paginas.
_bIlustraciones, diagramas, mapas a color y tablas
_c28 x 22 cm.
504 _aIncluye referencias bibliográficas (p. 127-129) y glosario.
650 1 4 _aConservación de la diversidad biolóogica
_zAmerica Latina
650 2 4 _aConservacion de la diversidad biologica
_zRegion Caribe
650 2 4 _aComunidades bioticas
700 1 _aDinerstein, Eric
_d1952-
942 _2ddc
_cLIBRO
999 _c319
_d319